00772nam a22002177a 450000500170000001000150001702000270003203500140005903700090007308200140008210000250009624500520012125000060017326000340017927000700021330000200028350000380030394200250034199900190036695201690038520241011103900.0 aENG-142096 a9789392210068c1795.00 aEN-125628 bDBAD a343.0121 aNavdeep Singh972631 aMilitary Pensions Simplified/cBy Navdeep Singh a2 aChandigarhbThe Browserc2023 bChandigarhaSCO 14-15, Sector 8-Ce160009mservice@thebrowser.org a430p.c29cm(hb) aCommentary, Case Law & Provisions 2ddccENh343.01mNAV c206289d206289 001040708NFICaBNbBNd2024-10-11eDelivery of Books Act Divisiong1795.00l1o343.01 NAVpEN-125628r2025-02-12 00:00:00s2025-01-25t1v1795.00w2024-10-11yEN